Normal view
MARC view
- الجرجاني،أبي الحسن علي بن عبد العزيز تأليف/صبحي،محي الدين دراسة
Entry Personal Name
001 - CONTROL NUMBER
- control field: 17087
003 - CONTROL NUMBER IDENTIFIER
- control field: JO-AjAnu
005 - DATE AND TIME OF LATEST TRANSACTION
- control field: 20230606073026.0
008 - FIXED-LENGTH DATA ELEMENTS
- fixed length control field: 230606|| aca||aabn | a|a d
040 ## - CATALOGING SOURCE
- Original cataloging agency: JO-AjAnu
- Transcribing agency: JO-AjAnu
100 ## - HEADING--PERSONAL NAME
- Personal name: الجرجاني،أبي الحسن علي بن عبد العزيز تأليف/صبحي،محي الدين دراسة
670 ## - SOURCE DATA FOUND
- Source citation: Work cat.: (JO-AjAnu)8772: الجرجاني،أبي الحسن علي بن عبد العزيز تأليف/صبحي،محي الدين دراسة, author, المختار من الوساطة بين المتنبي وخصومه